| 000 | 00885nmm a2200253 a 4500 | ||
|---|---|---|---|
| 001 | ocm0001299572 | ||
| 003 | TR-IsHL | ||
| 005 | 20201028162521.0 | ||
| 008 | 160715s[tar tu tur | ||
| 007 | cr cn | ||
| 020 | _a9789944313179 | ||
| 035 |
_a1299572 _b(N$T) |
||
| 050 | 0 | 4 |
_aKKX1472 _b.S67 [tarih yok] |
| 090 | 0 | 4 |
_aKKX1472 _b.S67 [tarih yok] |
| 245 | 1 | 0 |
_aSosyal sigortalar ve genel sağlık sigortası kanunu _h[electronic resource] |
| 260 |
_aİstanbul : _bYalın Yayıncılık, _c[tarih yok] |
||
| 300 | _a424 p. | ||
| 650 | 4 | _aHukuk | |
| 650 | 4 | _aLaw | |
| 650 | 0 |
_aSosyal güvenlik _x Yasa ve yasama _x Türkiye |
|
| 650 | 0 |
_aSocial security _x Law and legislation _x Turkey |
|
| 650 | 7 |
_aPOLITICAL SCIENCE / Public Policy / Social Security _2bisacsh |
|
| 856 | 4 | 0 | _uhttp://search.ebscohost.com/login.aspx?direct=true&scope=site&db=e011xww&AN=1299572 |
| 999 |
_c14799 _d14799 |
||